000 00725nam a22002417a 4500
999 _c4023
_d4023
003 AR-CdUCM
008 190307b ||||| |||| 00| 0 spa d
020 _a84-8280-197-X
040 _aMUNICIPALIDAD PROVINCIAL DEL CUSCO
_cBIBLIOTECA MUNICIPAL DEL CUSCO
041 _hrus
082 _a891.53 /
_bG57
100 _aGogol, Nicolai
_912831
245 _aAlmas muertas /
260 _aBogotá :
_bLa oveja Negra,
_c1984.
300 _a367 páginas ;
_c19 cm.
440 _aHistoria universal de la literatura.
_n97
_912832
650 _aNovelas rusas
_92132
650 _aSiglo XIX
_9971
650 _aTraducciones al español
_91053
700 _aSuero, Teresa (traductora)
_912833
942 _2ddc
_cLIBROS
945 _azta